Giáo trình hệ thống thông tin quản lý

Giới thiệu về hệ thống thông tin quản lý, cơ sở hạ tầng công nghệ của hệ thống thông tin, việc quản lý nguồn dữ liệu, xây dựng và phát triển hệ thống thông tin quản lý, các hệ thống thông tin nội bộ của doanh nghiệp, hệ thống thôn...

Ful tanımlama

Kaydedildi:
Detaylı Bibliyografya
Yazar: Phạm Thị Thanh Hồng
Materyal Türü: Kitap
Dil:Vietnamese
Baskı/Yayın Bilgisi: H. Bách khoa - Hà Nội 2012
Edisyon:Tái bản lần thứ 3, có sửa chữa
Konular:
Etiketler: Etiketle
Etiket eklenmemiş, İlk siz ekleyin!
Thư viện lưu trữ: Thư viện Trường Đại học Nam Cần Thơ
LEADER 02683nam a22003137a 4500
001 NCT_87542
008 201202b xxu||||| |||| 00| 0 vie d
999 |c 4314  |d 4314 
020 |a 9786049112256  |c 87500 
082 0 4 |2 23rd ed.  |a 658.05  |b H455 
100 1 |a Phạm Thị Thanh Hồng 
245 1 0 |a Giáo trình hệ thống thông tin quản lý  |c Phạm Thị Thanh Hồng 
250 |a Tái bản lần thứ 3, có sửa chữa 
260 |a H.  |b Bách khoa - Hà Nội  |c 2012 
300 |a 283 tr.  |b Minh họa  |c 24cm 
520 3 |a Giới thiệu về hệ thống thông tin quản lý, cơ sở hạ tầng công nghệ của hệ thống thông tin, việc quản lý nguồn dữ liệu, xây dựng và phát triển hệ thống thông tin quản lý, các hệ thống thông tin nội bộ của doanh nghiệp, hệ thống thông tin tích hợp và quản lý ứng dụng công nghệ thông tin trong doanh nghiệp. 
653 |a Quản trị kinh doanh 
942 |2 ddc  |c BK 
952 |0 0  |1 0  |2 ddc  |4 0  |6 658_050000000000000_H455  |7 0  |9 20855  |a 000001  |b 000001  |d 2020-12-02  |o 658.05 H455  |p MD.18144  |r 2020-12-02  |v 87500.00  |w 2020-12-02  |y BK 
952 |0 0  |1 0  |2 ddc  |4 0  |6 658_050000000000000_H455  |7 0  |9 20856  |a 000001  |b 000001  |d 2020-12-02  |o 658.05 H455  |p MD.18145  |r 2020-12-02  |v 87500.00  |w 2020-12-02  |y BK 
952 |0 0  |1 0  |2 ddc  |4 0  |6 658_050000000000000_H455  |7 0  |9 20857  |a 000001  |b 000001  |d 2020-12-02  |o 658.05 H455  |p MD.18146  |r 2020-12-02  |v 87500.00  |w 2020-12-02  |y BK 
952 |0 0  |1 0  |2 ddc  |4 0  |6 658_050000000000000_H455  |7 0  |9 20858  |a 000001  |b 000001  |d 2020-12-02  |o 658.05 H455  |p MD.18147  |r 2020-12-02  |v 87500.00  |w 2020-12-02  |y BK 
952 |0 0  |1 0  |2 ddc  |4 0  |6 658_050000000000000_H455  |7 0  |9 20859  |a 000001  |b 000001  |d 2020-12-02  |o 658.05 H455  |p MD.18148  |r 2020-12-02  |v 87500.00  |w 2020-12-02  |y BK 
952 |0 0  |1 0  |2 ddc  |4 0  |6 658_050000000000000_H455  |7 0  |9 20860  |a 000001  |b 000001  |d 2020-12-02  |o 658.05 H455  |p MD.18149  |r 2020-12-02  |v 87500.00  |w 2020-12-02  |y BK 
952 |0 0  |1 0  |2 ddc  |4 0  |6 658_050000000000000_H455  |7 0  |9 20861  |a 000001  |b 000001  |d 2020-12-02  |o 658.05 H455  |p MD.18150  |r 2020-12-02  |v 87500.00  |w 2020-12-02  |y BK 
952 |0 0  |1 0  |2 ddc  |4 0  |6 658_050000000000000_H455  |7 0  |9 20862  |a 000001  |b 000001  |d 2020-12-02  |o 658.05 H455  |p MD.18151  |r 2020-12-02  |v 87500.00  |w 2020-12-02  |y BK 
952 |0 0  |1 0  |2 ddc  |4 0  |6 658_050000000000000_H455  |7 0  |9 20863  |a 000001  |b 000001  |d 2020-12-02  |o 658.05 H455  |p MD.18152  |r 2020-12-02  |v 87500.00  |w 2020-12-02  |y BK 
952 |0 0  |1 0  |2 ddc  |4 0  |6 658_050000000000000_H455  |7 0  |9 20864  |a 000001  |b 000001  |d 2020-12-02  |o 658.05 H455  |p MD.18153  |r 2020-12-02  |v 87500.00  |w 2020-12-02  |y BK 
980 |a Thư viện Trường Đại học Nam Cần Thơ